00418 a2200133 4500003000500000005001700005040000900022082001400031245002400045260002300069300001000092505016700102650001500269Nust20230306093135.0 cNust a320.5,CAR aTowards Democracy / bGeorge Allenc1920 a519:p aTowards Democracy (Page-3), Freedom Beautiful Beyond Compare (Page-111), We are a Menace to you Civilizations (Page-259), Because the Starry Lightning (Page-368). a Democracy